[Event "57th Biel Rapid Open"]
[Site "Biel SUI"]
[Date "2024.07.14"]
[Round "7.48"]
[White "Arulanantham, Aneet"]
[Black "Schmied, Stefan"]
[Result "1-0"]
[WhiteElo "1954"]
[BlackElo "1794"]
[WhiteFideId "1335189"]
[BlackFideId "1335804"]
[EventDate "2024.07.14"]
[EventType "swiss"]

1. d4 d5 2. c4 e6 3. Nc3 Nf6 4. Nf3 Be7 5. Bf4 O-O 6. e3 b6 7. Bd3 Bb7 8. cxd5
Nxd5 9. Nxd5 Bxd5 10. Qc2 g6 11. Qxc7 Bb4+ 12. Ke2 Qxc7 13. Bxc7 Rc8 14. Rhc1
Nd7 15. Ba6 Rf8 16. Bf4 f6 17. a3 Be7 18. Rc7 Rfd8 19. Bb5 e5 20. dxe5 Bxf3+ 21.
gxf3 fxe5 22. Bg3 1-0

[Event "57th Biel Rapid Open"]
[Site "Biel SUI"]
[Date "2024.07.14"]
[Round "7.49"]
[White "Ranieri, Pierpaolo"]
[Black "Materia, Mario"]
[Result "1-0"]
[WhiteElo "1909"]
[BlackElo "1590"]
[WhiteFideId "893986"]
[BlackFideId "651082241"]
[EventDate "2024.07.14"]
[EventType "swiss"]

1. d4 d5 2. Nf3 Nf6 3. e3 c5 4. c3 Bf5 5. dxc5 e6 6. b4 a5 7. Bb5+ Nc6 8. Nd4
Qc7 9. Nxf5 exf5 10. O-O g6 11. Nd2 Bg7 12. Bb2 O-O 13. Nf3 axb4 14. Bxc6 bxc6
15. cxb4 Rab8 16. a3 Ne4 17. Bxg7 Kxg7 18. Qd4+ Kg8 19. Rfb1 f4 20. Qe5 Qxe5 21.
Nxe5 fxe3 22. fxe3 Rfc8 23. a4 Nc3 24. Rb3 Ne4 25. Nd7 Rb7 26. Nb6 Rd8 27. a5
Ra7 28. Na4 Rb8 29. Nb6 Ra6 30. Rd1 Kg7 31. Kf1 Kh6 32. Ke2 Kg5 33. Rf1 f5 34.
Kd3 Rb7 35. Rbb1 Kf6 36. Na4 Ke5 37. Nc3 Raa7 38. Nxe4 dxe4+ 39. Kc4 Rb5 40.
Rfd1 Rc7 41. Rd6 Rbb7 42. a6 Ra7 43. b5 cxb5+ 44. Kxb5 f4 45. exf4+ Kxf4 46. Rb6
e3 47. c6 Ke5 48. Rb7 Kd6 49. Rxa7 Rxa7 50. Kb6 Rc7 51. Rd1+ Ke5 52. Kxc7 e2 53.
Re1 Ke6 54. Rxe2+ Kd5 55. a7 Kc4 56. a8=Q Kd3 57. Qa6+ Kd4 58. Qb5 g5 59. Kd6
Kc3 60. Re3+ Kd2 61. Qd3+ Kc1 62. Re2 g4 63. Qc2# 1-0

[Event "57th Biel Rapid Open"]
[Site "Biel SUI"]
[Date "2024.07.14"]
[Round "7.50"]
[White "Primbetova, Raikhan"]
[Black "Naarden, Amindo"]
[Result "1-0"]
[WhiteElo "1534"]
[BlackElo "1993"]
[WhiteFideId "13733494"]
[BlackFideId "1018507"]
[EventDate "2024.07.14"]
[EventType "swiss"]

1. c4 e5 2. Nc3 f5 3. d3 Nf6 4. e4 d6 5. Be2 Be7 6. exf5 Bxf5 7. f4 Nc6 8. Nf3
Nd4 9. fxe5 dxe5 10. O-O Nxf3+ 11. Rxf3 Bg6 12. h3 O-O 13. Be3 Be8 14. d4 exd4
15. Qxd4 Bc6 16. Qxd8 Raxd8 17. Rff1 a6 18. Rad1 Bb4 19. Bd4 Rxd4 20. Rxd4 Bc5
21. Rd1 Rd8 22. Nd5 Bxd5 23. cxd5 Rxd5 24. Bc4 Bxd4+ 25. Rxd4 c6 26. Bxd5+ Nxd5
27. Re4 Kf7 28. Kf2 a5 29. a3 b5 30. Re1 Kf6 31. Rc1 Ne7 32. Rd1 Ke6 33. Kf3 Nd5
34. Re1+ Kd7 35. Ke4 Kd6 36. Rd1 Ke6 37. Kd4 Kd6 38. Ke4 Ke6 39. g4 h6 40. h4 g6
41. g5 hxg5 42. hxg5 a4 43. Rh1 Ne7 44. Kd4 Kd6 45. Rh7 c5+ 46. Kd3 Nd5 47. Rg7
Ke5 48. Rb7 b4 49. axb4 cxb4 50. Ra7 a3 51. bxa3 bxa3 52. Rxa3 Nf4+ 53. Ke3 Nd5+
54. Kf3 Ne7 55. Ra5+ Ke6 56. Kg4 Nd5 57. Ra6+ Kf7 58. Rd6 Ne7 59. Kf4 Nf5 60.
Rf6+ Kg7 61. Ra6 Ne7 62. Ra7 Kf8 63. Rb7 Nc6 64. Rb6 Ne7 65. Ke5 Kg8 66. Ke6 Nf5
67. Kf6 Kh7 68. Rb7+ Kg8 69. Kxg6 Nh4+ 70. Kf6 1-0

[Event "57th Biel Rapid Open"]
[Site "Biel SUI"]
[Date "2024.07.14"]
[Round "7.51"]
[White "Mikavica, Dragoljub"]
[Black "Boyer, Jean-Francois"]
[Result "0-1"]
[WhiteElo "2025"]
[BlackElo "1742"]
[WhiteFideId "1308726"]
[BlackFideId "650226"]
[EventDate "2024.07.14"]
[EventType "swiss"]

1. e4 e5 2. Nf3 Nc6 3. Bc4 Nf6 4. Nc3 Nxe4 5. Bxf7+ Kxf7 6. Nxe4 d5 7. Neg5+ Kg8
8. d4 e4 9. Ne5 Nxe5 10. dxe5 Be7 11. h4 h6 12. Qh5 hxg5 13. Qe2 Rxh4 14. Rxh4
gxh4 15. Be3 c6 16. Qd2 Bg4 17. a4 Qf8 18. a5 Bb4 19. c3 Be7 20. b4 b6 21. b5
Qe8 22. a6 Rd8 23. bxc6 Qxc6 24. Bd4 Qc4 25. Qe3 Bg5 26. f4 exf3 27. Qf2 Qe2+
28. Qxe2 fxe2 29. e6 Rf8 30. Bf2 Bd2+ 31. Kxd2 Rxf2 32. Ra4 Bxe6 33. Rxh4 Rxg2
34. Rb4 Bg4 35. Rb1 e1=Q+ 36. Kxe1 Rg1+ 0-1

[Event "57th Biel Rapid Open"]
[Site "Biel SUI"]
[Date "2024.07.14"]
[Round "7.52"]
[White "Gillieron, Kevin (13882)"]
[Black "Lee, Peter"]
[Result "1/2-1/2"]
[WhiteElo "1759"]
[BlackElo "1870"]
[WhiteFideId "1357778"]
[BlackFideId "1315420"]
[EventDate "2024.07.14"]
[EventType "swiss"]

1. d4 d5 2. Nf3 Nf6 3. Bf4 c5 4. e3 Nc6 5. Nbd2 e6 6. c3 Bd6 7. Bg3 O-O 8. Bd3
c4 9. Bc2 b5 10. a3 a5 11. Ne5 Qc7 12. f4 Bb7 13. O-O b4 14. axb4 axb4 15. Bh4
Rxa1 16. Qxa1 b3 17. Bd1 Nd7 18. Qb1 f6 19. Nxd7 Qxd7 20. Rf3 e5 21. fxe5 fxe5
22. Rh3 e4 23. Bg3 Ne7 24. Bxd6 Qxd6 25. Bg4 Qf6 26. Qe1 Ng6 27. Qf1 Qa6 28. Qb1
Qf6 29. Qf1 Qa6 1/2-1/2

[Event "57th Biel Rapid Open"]
[Site "Biel SUI"]
[Date "2024.07.14"]
[Round "7.53"]
[White "Hauser, Armando"]
[Black "Caduff, Simon"]
[Result "1-0"]
[WhiteElo "1840"]
[BlackElo "1694"]
[WhiteFideId "1340514"]
[BlackFideId "1351311"]
[EventDate "2024.07.14"]
[EventType "swiss"]

1. e4 e5 2. Nf3 Nc6 3. Bc4 Nf6 4. Ng5 d5 5. exd5 Na5 6. Bb5+ c6 7. dxc6 bxc6 8.
Be2 Nd5 9. Ne4 f5 10. Ng3 Nf4 11. O-O Qd5 12. Bf3 e4 13. Be2 Bc5 14. Nc3 Qd4 15.
d3 exd3 16. Bxf4 dxe2 17. Qxe2+ Kf7 18. Be3 Qe5 19. Bxc5 Qxc5 20. Rfe1 Bd7 21.
Qe5 Qb4 22. Nxf5 1-0

[Event "57th Biel Rapid Open"]
[Site "Biel SUI"]
[Date "2024.07.14"]
[Round "7.54"]
[White "Mutter, Kevin"]
[Black "Wilhelm, Marco"]
[Result "1/2-1/2"]
[WhiteElo "1856"]
[BlackElo "1498"]
[WhiteFideId "1327240"]
[BlackFideId "1347039"]
[EventDate "2024.07.14"]
[EventType "swiss"]

1. c4 e6 2. g3 d5 3. Bg2 c6 4. b3 f5 5. Nf3 Nf6 6. O-O Bd6 7. d4 O-O 8. Bb2 Bd7
9. Nc3 Be8 10. cxd5 exd5 11. Nd2 Ne4 12. f3 Nxc3 13. Bxc3 Nd7 14. Qc2 Bg6 15. f4
Bh5 16. Nf3 Qe7 17. Ne5 Nxe5 18. fxe5 Bb4 19. Bf3 Bg6 20. Qd2 Bxc3 21. Qxc3 f4
22. Bg2 fxg3 23. Qxg3 Qb4 24. Qe3 Qb5 25. Bf3 Qb4 26. Rf2 Qe7 27. Raf1 Rf7 28.
Bg4 Raf8 29. Rxf7 Rxf7 30. Rxf7 Bxf7 31. e6 Bg6 32. Qe5 h6 33. Qb8+ Kh7 34. Qf4
Qg5 35. e3 Kg8 36. h3 Be8 37. Kf2 Qxf4+ 38. exf4 g6 39. f5 gxf5 40. Bxf5 Kf8 41.
Kf3 Ke7 42. Kf4 Kf6 43. h4 h5 44. b4 b5 45. a3 a6 46. e7 Kxe7 47. Bc8 Kd6 48.
Bxa6 Kc7 49. Ke5 Bd7 50. Kf6 Bg4 51. Kg5 Bf3 52. Kh6 Bg4 53. Kg5 Bf3 54. Kh6 1/2-1/2

[Event "57th Biel Rapid Open"]
[Site "Biel SUI"]
[Date "2024.07.14"]
[Round "7.55"]
[White "Coletta, Julien"]
[Black "Mani, Thomas"]
[Result "0-1"]
[WhiteElo "1778"]
[BlackElo "1839"]
[WhiteFideId "1342223"]
[BlackFideId "1326783"]
[EventDate "2024.07.14"]
[EventType "swiss"]

1. e4 c5 2. Nc3 d6 3. g3 g6 4. Bg2 Bg7 5. f4 e6 6. Nf3 Ne7 7. d3 O-O 8. O-O Nbc6
9. Be3 a6 10. d4 cxd4 11. Nxd4 Bd7 12. Nxc6 Bxc6 13. Qd2 Qc7 14. Rad1 Rad8 15.
Bd4 f6 16. Qe3 Rd7 17. Bb6 Qb8 18. Bh3 f5 19. exf5 exf5 20. Bg2 Qc8 21. Qe6+ Kh8
22. Bd4 Bxd4+ 23. Rxd4 Bxg2 24. Kxg2 Qc6+ 25. Kg1 Kg7 26. Rfd1 Rf6 27. Qe2 Qc5
28. Qf2 Re6 29. Nd5 Nc6 30. R4d2 Qxf2+ 31. Kxf2 b5 32. Nc3 Na5 33. b3 Nb7 34.
Ne2 Nc5 35. Nc3 b4 36. Nd5 Ne4+ 37. Kf3 Nxd2+ 38. Rxd2 Rd8 39. Nxb4 a5 40. Nd5
Rc8 41. c4 a4 42. h3 h6 43. Rd3 Re1 44. Rd2 Rb8 45. b4 Rc1 46. Ne3 Rxb4 47. Rxd6
Rc3 48. Kf2 Rb2+ 49. Kf3 Rxa2 50. Ra6 Raa3 51. c5 Rxe3+ 52. Kf2 Rec3 53. c6 Ra2+ 0-1

[Event "57th Biel Rapid Open"]
[Site "Biel SUI"]
[Date "2024.07.14"]
[Round "8.1"]
[White "Assaubayeva, Bibisara"]
[Black "Madaminov, Mukhiddin"]
[Result "1-0"]
[WhiteTitle "IM"]
[BlackTitle "IM"]
[WhiteElo "2472"]
[BlackElo "2512"]
[WhiteFideId "13708694"]
[BlackFideId "14210703"]
[EventDate "2024.07.14"]
[EventType "swiss"]

1. c4 c5 2. Nf3 Nc6 3. Nc3 g6 4. e3 Bg7 5. d4 d6 6. Be2 cxd4 7. exd4 Bg4 8. Be3
Nf6 9. O-O O-O 10. h3 Bxf3 11. Bxf3 Rc8 12. Rc1 a6 13. Qe2 Qd7 14. Rfd1 e5 15.
dxe5 Nxe5 16. c5 Nxf3+ 17. Qxf3 d5 18. Bd4 Qe6 19. Bxf6 Bxf6 20. Qxd5 Qe7 21.
Ne4 Bxb2 22. Rb1 Rcd8 23. Nd6 Qf6 24. Rd2 Bc3 25. Rd3 b5 26. Rbd1 Be5 27. Qb7
Qf4 28. g3 Qa4 29. a3 h5 30. Qd5 Bxd6 31. cxd6 Rd7 32. Rc1 Qa5 33. Qe5 Qd8 34.
Rc6 Re8 35. Qc3 Qa8 36. Rc7 Red8 37. Rxd7 Rxd7 38. Rd1 Qb7 39. Qe5 Rd8 40. d7
Qb6 41. Rd6 Qa5 42. Kg2 Rf8 43. Qd5 Qd8 44. Rxg6+ Kh7 45. Qxh5# 1-0

[Event "57th Biel Rapid Open"]
[Site "Biel SUI"]
[Date "2024.07.14"]
[Round "8.2"]
[White "Chinguun, Sumiya"]
[Black "Gan-Erdene, Sugar"]
[Result "1/2-1/2"]
[WhiteTitle "FM"]
[BlackTitle "IM"]
[WhiteElo "2377"]
[BlackElo "2407"]
[WhiteFideId "4902572"]
[BlackFideId "4902980"]
[EventDate "2024.07.14"]
[EventType "swiss"]

1. e4 c5 2. Nc3 e6 3. f4 Nc6 4. Nf3 a6 5. d4 cxd4 6. Nxd4 Qc7 7. a3 Nxd4 8. Qxd4
b5 9. Be3 Bb7 10. Be2 Rc8 11. Bf3 Ne7 12. O-O Nc6 13. Qd2 Na5 14. Be2 Be7 15.
Rad1 b4 16. axb4 Bxb4 17. Bd3 O-O 18. Qf2 Bxc3 19. bxc3 Nc4 20. Bd4 f6 21. Qg3
d6 22. e5 dxe5 23. fxe5 Nxe5 24. Rxf6 Rxf6 25. Bxe5 Qc5+ 26. Bd4 Qc7 27. Be5
Qc5+ 28. Bd4 Qc7 29. Be5 Qc5+ 30. Bd4 1/2-1/2

[Event "57th Biel Rapid Open"]
[Site "Biel SUI"]
[Date "2024.07.14"]
[Round "8.3"]
[White "Sukandar, Irine Kharisma"]
[Black "Macovei, Andrei"]
[Result "1/2-1/2"]
[WhiteTitle "IM"]
[BlackTitle "IM"]
[WhiteElo "2338"]
[BlackElo "2479"]
[WhiteFideId "7101937"]
[BlackFideId "13904680"]
[EventDate "2024.07.14"]
[EventType "swiss"]

1. d4 Nf6 2. Bf4 g6 3. Nc3 d5 4. e3 Bg7 5. Nf3 O-O 6. Be2 c5 7. Ne5 Nc6 8. O-O
cxd4 9. exd4 Qb6 10. Nxc6 bxc6 11. Na4 Qa5 12. Nc5 Nd7 13. Nxd7 Bxd7 14. c3 c5
15. dxc5 Qxc5 16. Be3 Qd6 17. Bf3 Bc6 18. Re1 Rfe8 19. Qd2 Qc7 20. Rad1 Rad8 21.
Bh6 Bh8 22. Qe3 Ba8 23. Rd2 e6 24. h4 Qb6 25. Qf4 e5 26. Qg3 e4 27. Bd1 d4 28.
cxd4 Bxd4 29. Ba4 Bc6 30. Bxc6 Qxc6 31. Red1 Be5 32. Qxe5 Rxe5 33. Rxd8+ Re8 34.
R1d6 Qb5 35. Rd5 Qc6 36. R5d6 Qb5 37. Rd5 Qc6 38. R5d6 Qb5 39. Rd5 Qc6 40. Rc5
Qe6 41. Rcd5 Qc6 1/2-1/2

[Event "57th Biel Rapid Open"]
[Site "Biel SUI"]
[Date "2024.07.14"]
[Round "8.4"]
[White "Materia, Marco"]
[Black "Sasikiran, Krishnan"]
[Result "1-0"]
[WhiteTitle "IM"]
[BlackTitle "GM"]
[WhiteElo "2453"]
[BlackElo "2581"]
[WhiteFideId "45150451"]
[BlackFideId "5004985"]
[EventDate "2024.07.14"]
[EventType "swiss"]

1. d4 d6 2. Nf3 g6 3. c4 f5 4. Nc3 Nf6 5. Bg5 Bg7 6. e3 Nbd7 7. Be2 O-O 8. O-O
e5 9. b4 h6 10. Bxf6 Bxf6 11. Qb3 Kh7 12. Rfd1 e4 13. Nd2 c6 14. b5 c5 15. Nf1
Bg7 16. a4 cxd4 17. exd4 Nf6 18. f4 exf3 19. Bxf3 Re8 20. c5 dxc5 21. dxc5 Qe7
22. Qa3 Bf8 23. Rac1 Qxc5+ 24. Qxc5 Bxc5+ 25. Kh1 Ba3 26. Rc2 Be6 27. Ra1 Bb3
28. Rf2 Rac8 29. Rxa3 Rxc3 30. Bxb7 Re1 31. h3 Rc2 32. Kg1 Rc3 33. a5 Rb1 34. b6
axb6 35. a6 Ne8 36. a7 Nc7 37. Re2 Rcc1 38. Re7+ Kh8 39. Rxc7 Rxf1+ 40. Kh2 f4
41. a8=Q+ Bg8 42. g4 1-0

[Event "57th Biel Rapid Open"]
[Site "Biel SUI"]
[Date "2024.07.14"]
[Round "8.5"]
[White "Moiseenko, Alexander"]
[Black "Jumabayev, Rinat"]
[Result "1-0"]
[WhiteTitle "GM"]
[BlackTitle "GM"]
[WhiteElo "2570"]
[BlackElo "2565"]
[WhiteFideId "14102560"]
[BlackFideId "13702661"]
[EventDate "2024.07.14"]
[EventType "swiss"]

1. d4 d5 2. c4 e6 3. Nc3 Bb4 4. Nf3 Ne7 5. e3 O-O 6. Bd3 dxc4 7. Bxc4 c5 8. O-O
Nd7 9. a3 Ba5 10. Qe2 a6 11. Bd3 b5 12. b4 cxb4 13. axb4 Bxb4 14. Nxb5 Bb7 15.
Ba3 Bxa3 16. Nxa3 Nd5 17. Nc4 a5 18. Qb2 Nb4 19. Be2 Bd5 20. Nxa5 Rxa5 21. Qxb4
Ra8 22. Qd6 Nf6 23. Qxd8 Rfxd8 24. Ne5 h6 25. f3 Rxa1 26. Rxa1 Nd7 27. Nxd7 Rxd7
28. e4 Bc6 29. Ra6 Rc7 30. Kf2 Kf8 31. Ke3 Ke7 32. g4 Bd7 33. Ra3 g5 34. Bd3 Rb7
35. h3 f6 36. Bc4 Rc7 37. Kd3 Kd6 38. Ra6+ Rc6 39. Ra7 Rb6 40. e5+ fxe5 41.
dxe5+ Kc6 42. Kd4 Rb1 43. Ra6+ Rb6 44. Ra8 Rb1 45. Rh8 Rd1+ 46. Ke3 Kc5 47. Be2
Rd5 48. Rxh6 Rxe5+ 49. Kf2 Kd4 50. h4 gxh4 51. Rxh4 Rg5 52. f4 Rg7 53. Rh1 Bc6
54. Rd1+ Kc5 55. Kg3 Be4 56. Bf3 Bh7 57. Rd2 Rf7 58. Re2 Kd6 59. g5 Bg6 60. Bg4
Re7 61. Rd2+ Kc7 62. Rh2 Kd7 63. Re2 Kd6 64. Rd2+ Kc7 65. Rd1 Bh7 66. Ra1 Kd6
67. Ra6+ Kd5 68. Bf3+ Kd4 69. Bg4 Kd5 70. Ra5+ Kd4 71. Re5 Bg8 72. g6 Rg7 73.
Rg5 Ke3 74. Bxe6 1-0

[Event "57th Biel Rapid Open"]
[Site "Biel SUI"]
[Date "2024.07.14"]
[Round "8.6"]
[White "Sadorra, Julio Catalino"]
[Black "Juksta, Karolis"]
[Result "1-0"]
[WhiteTitle "GM"]
[BlackTitle "IM"]
[WhiteElo "2542"]
[BlackElo "2400"]
[WhiteFideId "5201268"]
[BlackFideId "12809039"]
[EventDate "2024.07.14"]
[EventType "swiss"]

1. Nf3 d5 2. e3 Nf6 3. c4 e6 4. Nc3 a6 5. b3 Bd6 6. Bb2 b6 7. d4 Bb7 8. cxd5
exd5 9. g3 Nbd7 10. Bg2 O-O 11. O-O Qe7 12. Rc1 Rfe8 13. Ne2 Ne4 14. Nf4 a5 15.
Qc2 a4 16. Nd3 a3 17. Ba1 Rac8 18. Nfe5 c5 19. Nxd7 Qxd7 20. dxc5 bxc5 21. Rfe1
c4 22. Nf4 d4 23. Bxd4 Bxf4 24. gxf4 cxb3 25. Qxb3 Bd5 26. Qd3 Qb7 27. f3 Nd6
28. e4 Bc4 29. Qxa3 Nb5 30. Qb2 Qa6 31. Bxg7 Qxa2 32. Qxa2 Bxa2 33. Bf6 Nd6 34.
Bh3 Be6 35. f5 Bd7 36. Rcd1 Rc6 37. e5 Bxf5 38. exd6 1-0

[Event "57th Biel Rapid Open"]
[Site "Biel SUI"]
[Date "2024.07.14"]
[Round "8.7"]
[White "Harsha, Bharathakoti"]
[Black "Schlegel, Igor"]
[Result "1-0"]
[WhiteTitle "GM"]
[BlackTitle "FM"]
[WhiteElo "2569"]
[BlackElo "2233"]
[WhiteFideId "5078776"]
[BlackFideId "1334956"]
[EventDate "2024.07.14"]
[EventType "swiss"]

1. d4 d5 2. c4 e6 3. Nc3 c6 4. Nf3 dxc4 5. e3 b5 6. a4 Bb4 7. Bd2 a5 8. axb5
Bxc3 9. Bxc3 cxb5 10. b3 Bb7 11. bxc4 b4 12. Bb2 Nf6 13. Bd3 O-O 14. O-O Be4 15.
Bxe4 Nxe4 16. Ne5 Nd7 17. Nc6 Qc7 18. d5 e5 19. f4 exf4 20. Rxf4 Nec5 21. Ne7+
Kh8 22. Qh5 Nf6 23. Bxf6 gxf6 24. Rh4 1-0

[Event "57th Biel Rapid Open"]
[Site "Biel SUI"]
[Date "2024.07.14"]
[Round "8.8"]
[White "Haimovich, Tal"]
[Black "Bilguun, Sumiya"]
[Result "*"]
[WhiteTitle "IM"]
[BlackTitle "GM"]
[WhiteElo "2324"]
[BlackElo "2458"]
[WhiteFideId "2801698"]
[BlackFideId "4901541"]
[EventDate "2024.07.14"]
[EventType "swiss"]

1. Nf3 c5 2. b3 Nc6 3. Bb2 d6 4. d4 cxd4 5. Nxd4 Nf6 6. e3 e5 7. Nf3 Be7 8. Be2
O-O 9. O-O b6 10. c4 Bb7 11. Nc3 Re8 12. Qd2 a6 13. Rfd1 Bf8 14. Rac1 Qb8 15.
Ng5 Nd8 16. Qc2 Ne6 17. Nxe6 fxe6 18. Bd3 Bc6 19. Ne4 Qb7 20. Nxf6+ gxf6 21. Bf1
Rad8 22. Rd2 Rd7 23. Qd1 Rg7 24. g3 Rd8 25. Ba3 Bf3 26. Be2 Bh1 27. f3 Bxf3 28.
Bxf3 e4 29. Bg2 f5 30. Bb2 Rg6 31. Qc2 Bh6 32. Qc3 Bg7 33. Qb4 Bxb2 34. Rxb2 h5
35. Rd2 Qc7 36. Rcd1 e5 37. Qc3 Rf8 38. Rf2 h4 39. gxh4 Qh7 40. Rdf1 Qxh4 41.
Qe1 Rf7 42. Rd2 Qh6 43. Kh1 Rh7 44. h3 Rg5 45. Kh2 Kh8 46. Rh1 Rhg7 47. Re2 Qg6
48. Qh4+ Rh5 49. Qf2 Qh6 50. Rf1 Rhg5 51. Qe1 Rh7 52. Qf2 Rhg7 53. Qe1 Rh7 54.
Qf2 Rh5 55. Kg1 Rg7 56. Kh2 Rhg5 57. Qe1 Qg6 58. Qh4+ Rh5 59. Qf2 Qh6 60. Rg1
Rhg5 61. Qe1 Qh5 62. Rf2 Rg3 63. Re2 Qg5 64. Rd2 Rxe3 65. Qf2 Rg3 66. Rxd6 e3
67. Qe1 Qf4 68. Kh1 Qh4 69. Qf1 f4 70. Re6 f3 71. Re8+ Kh7 72. Qd3+ e4 *

[Event "57th Biel Rapid Open"]
[Site "Biel SUI"]
[Date "2024.07.14"]
[Round "8.9"]
[White "Saraci, Nderim"]
[Black "Arcuti, Davide"]
[Result "0-1"]
[WhiteTitle "IM"]
[BlackTitle "IM"]
[WhiteElo "2447"]
[BlackElo "2398"]
[WhiteFideId "6351921"]
[BlackFideId "1323725"]
[EventDate "2024.07.14"]
[EventType "swiss"]

1. Nf3 Nf6 2. b3 d5 3. Bb2 Bg4 4. e3 Nbd7 5. c4 c6 6. h3 Bh5 7. cxd5 cxd5 8. Nc3
e6 9. Be2 Be7 10. Rc1 a6 11. O-O O-O 12. d4 Rc8 13. a3 Bd6 14. Ne1 Bxe2 15. Qxe2
Qe7 16. a4 Rc6 17. Nd3 Rfc8 18. Na2 Qd8 19. Rfd1 Qb6 20. b4 Rxc1 21. Rxc1 Rxc1+
22. Bxc1 Qc6 23. a5 Qc4 24. Kf1 Ne4 25. Nc5 Qxe2+ 26. Kxe2 Nexc5 27. dxc5 Bc7
28. Nc3 Ne5 29. e4 d4 30. Na4 Nc6 31. Bd2 e5 32. Kd3 Kf8 33. Kc4 Ke7 34. Nb2 Ke6
35. Nd3 f5 36. f3 Bd8 37. exf5+ Kxf5 38. g4+ Ke6 39. Nf2 Na7 40. Ne4 Nb5 41. f4
exf4 42. Bxf4 Be7 43. Bg3 g6 44. Bf2 Ke5 45. Nd2 Kf4 46. Kd3 h5 47. gxh5 gxh5
48. Nc4 Kf3 49. Bxd4 Kg3 50. Be5+ Kxh3 51. Ke4 Kg2 52. Nd6 Na7 53. Nxb7 h4 54.
Kd5 h3 55. c6 Bh4 56. Bb8 Nc8 57. Nd6 Ne7+ 58. Kc5 Bf2+ 59. Kc4 h2 0-1

[Event "57th Biel Rapid Open"]
[Site "Biel SUI"]
[Date "2024.07.14"]
[Round "8.10"]
[White "Gaehwiler, Gabriel"]
[Black "Peycheva, Gergana"]
[Result "1-0"]
[WhiteTitle "IM"]
[BlackTitle "FM"]
[WhiteElo "2398"]
[BlackElo "2261"]
[WhiteFideId "1314530"]
[BlackFideId "2916711"]
[EventDate "2024.07.14"]
[EventType "swiss"]

1. d4 d5 2. Nf3 Nf6 3. c4 e6 4. g3 Be7 5. Bg2 O-O 6. Nc3 c6 7. Qd3 Nbd7 8. e4
dxe4 9. Nxe4 Nxe4 10. Qxe4 Bb4+ 11. Bd2 Bxd2+ 12. Nxd2 c5 13. Nb3 cxd4 14. Qxd4
e5 15. Qd6 Nb6 16. Qxd8 Rxd8 17. Na5 e4 18. O-O Bf5 19. Nxb7 Rd7 20. Nc5 Rc7 21.
Nxe4 Bxe4 22. Bxe4 Re8 23. Bd5 Nxc4 24. Rfe1 Rec8 25. Re2 g6 26. Rae1 Kf8 27.
Kg2 Nd6 28. Bb3 Nf5 29. Rd2 h5 30. Red1 Rb7 31. Rd7 Rcc7 32. Rd8+ Kg7 33. h3 Rb4
34. R1d2 Rbb7 35. R2d5 Ne7 36. R5d6 Nf5 37. Rd3 Rb4 38. Kf3 Ne7 39. Ke2 Nc6 40.
R8d7 Rbb7 41. Rxc7 Rxc7 42. Rd6 Kf8 43. Kd2 Ke7 44. Rd5 Nb4 45. Re5+ Kf6 46. Re4
Nc6 47. Rc4 Rd7+ 48. Kc3 Ne5 49. Rf4+ Ke7 50. Re4 Kf6 51. Re3 Rc7+ 52. Kd4 Rd7+
53. Kc3 Rc7+ 54. Kb4 Rb7+ 55. Kc5 Rc7+ 56. Kb5 Rb7+ 57. Ka6 Rd7 58. Ba4 Rc7 59.
Rc3 Re7 60. f4 Nd7 61. Rc7 Nb6 62. Rxe7 Kxe7 63. Bb3 Nc8 64. Kb7 Kd8 65. a4 f6
66. Be6 Nd6+ 67. Kxa7 Ne4 68. b4 Nxg3 69. b5 Ne4 70. b6 1-0

[Event "57th Biel Rapid Open"]
[Site "Biel SUI"]
[Date "2024.07.14"]
[Round "8.11"]
[White "Tahay, Alexis"]
[Black "Gloeckler, Christian"]
[Result "0-1"]
[WhiteTitle "IM"]
[BlackTitle "FM"]
[WhiteElo "2392"]
[BlackElo "2304"]
[WhiteFideId "26090961"]
[BlackFideId "34608966"]
[EventDate "2024.07.14"]
[EventType "swiss"]

1. e4 c5 2. Nf3 d6 3. Bb5+ Nd7 4. Nc3 a6 5. Bxd7+ Bxd7 6. d4 cxd4 7. Nxd4 Nf6 8.
O-O g6 9. f4 Bg7 10. Kh1 O-O 11. Be3 Rc8 12. Qd3 Qc7 13. Rad1 b5 14. a3 Qb7 15.
Bc1 Rfd8 16. h3 Be8 17. Qe3 Rc5 18. Rfe1 Rdc8 19. Qf3 Qc7 20. Nb3 Rc4 21. Re2
Bc6 22. Qd3 Ba8 23. e5 dxe5 24. fxe5 Nh5 25. Qe3 Nf4 26. Rf2 Bxe5 27. Re1 Bd6
28. Nd2 Bc5 29. Nxc4 Bxe3 30. Nxe3 Nxh3 31. Rff1 e6 32. Ng4 Qg3 33. Nf6+ Kh8 34.
Re2 Qh4 0-1

[Event "57th Biel Rapid Open"]
[Site "Biel SUI"]
[Date "2024.07.14"]
[Round "8.12"]
[White "Nurgaliyeva, Zarina"]
[Black "Rosen, Eric"]
[Result "1-0"]
[WhiteTitle "WFM"]
[BlackTitle "IM"]
[WhiteElo "2135"]
[BlackElo "2374"]
[WhiteFideId "13730096"]
[BlackFideId "2032562"]
[EventDate "2024.07.14"]
[EventType "swiss"]

1. e4 c5 2. Nf3 Nc6 3. Bb5 Nf6 4. e5 Nd5 5. Nc3 Nc7 6. Bxc6 dxc6 7. d3 g6 8. O-O
Bg7 9. h3 O-O 10. Be3 b6 11. Qd2 Ne6 12. Bh6 Nd4 13. Nxd4 cxd4 14. Ne4 Bxe5 15.
Bxf8 Qxf8 16. a4 c5 17. a5 Rb8 18. b4 f5 19. Ng5 Bd6 20. bxc5 bxc5 21. Rfb1 Bb7
22. c3 h6 23. Qa2+ Kh8 24. Nf7+ Kg7 25. Nxd6 exd6 26. cxd4 cxd4 27. Qb2 a6 28.
Qxd4+ Kg8 29. Rb6 Ba8 30. Rxd6 Qf7 31. Rd8+ Rxd8 32. Qxd8+ Qf8 33. Qxf8+ Kxf8
34. Rb1 Bc6 35. Rb6 Bb5 36. Rxb5 1-0

[Event "57th Biel Rapid Open"]
[Site "Biel SUI"]
[Date "2024.07.14"]
[Round "8.13"]
[White "Krishnan, Ritvik"]
[Black "Munkhzul, Turmunkh"]
[Result "0-1"]
[WhiteTitle "FM"]
[BlackTitle "WGM"]
[WhiteElo "2246"]
[BlackElo "2250"]
[WhiteFideId "45055297"]
[BlackFideId "4901878"]
[EventDate "2024.07.14"]
[EventType "swiss"]

1. e4 e5 2. Nf3 Nf6 3. Nxe5 d6 4. Nf3 Nxe4 5. d4 d5 6. Bd3 Nc6 7. O-O Be7 8. Re1
Bg4 9. c4 Nf6 10. Be3 dxc4 11. Bxc4 O-O 12. Nbd2 Bb4 13. Rf1 h6 14. h3 Bh5 15.
Nb3 Nd5 16. a3 Be7 17. Rc1 Re8 18. Bb5 Nxe3 19. fxe3 Bg5 20. Rxc6 bxc6 21. Bxc6
Rxe3 22. Bxa8 Qxa8 23. Nbd2 Qd5 24. Rf2 c5 25. Qa4 cxd4 26. Qxa7 Bf6 27. Qb8+
Kh7 28. Qb6 Re6 29. Qa7 d3 30. Kh2 Qd6+ 31. Kg1 Bd8 32. Nc4 Qd5 33. Qb8 Bxf3 34.
gxf3 Bh4 0-1

[Event "57th Biel Rapid Open"]
[Site "Biel SUI"]
[Date "2024.07.14"]
[Round "8.14"]
[White "Georgescu, Lena"]
[Black "Sadeghi, Hassan Roger"]
[Result "1/2-1/2"]
[WhiteTitle "FM"]
[WhiteElo "2209"]
[BlackElo "2057"]
[WhiteFideId "1331973"]
[BlackFideId "1304712"]
[EventDate "2024.07.14"]
[EventType "swiss"]

1. e4 d5 2. exd5 Nf6 3. d4 Nxd5 4. Nf3 Bf5 5. Be2 e6 6. O-O Nd7 7. Re1 Be7 8. a3
O-O 9. c4 N5b6 10. Nc3 c5 11. b3 Bf6 12. Be3 Rc8 13. Rc1 Bg4 14. h3 Bxf3 15.
Bxf3 cxd4 16. Bxd4 Bxd4 17. Qxd4 Nc5 18. Qxd8 Rfxd8 19. Rb1 Rd7 20. Ne4 Nxe4 21.
Bxe4 Kf8 22. Red1 Rcc7 23. Kf1 Ke7 24. Ke2 f5 25. Rxd7+ Rxd7 26. Bd3 g6 27. f4
Rc7 28. Ke3 e5 29. fxe5 Ke6 30. Be2 Kxe5 31. Bf3 Nd7 32. Rc1 b6 33. b4 g5 34.
Kd3 Nf6 35. Re1+ Kf4 36. Re6 1/2-1/2